Natural resources management for sustainable development in Western India / (Record no. 41797)

MARC details
000 -LEADER
fixed length control field 00776nam a22002057a 4500
005 - DATE AND TIME OF LATEST TRANSACTION
control field 2010081403553.0
010 ## - LCCN (DPL NO)
LC control number ENG-100161
020 ## - INTERNATIONAL STANDARD BOOK NUMBER
International Standard Book Number 9788184243482
Terms of availability 1600.00
035 ## - SYSTEM CONTROL NUMBER
System control number EN-83693
037 ## - SOURCE OF ACQUISITION
Source of stock number/acquisition DBAD/PUB
082 ## - DEWEY DECIMAL CLASSIFICATION NUMBER
Classification number 333.70954
245 ## - TITLE STATEMENT
Title Natural resources management for sustainable development in Western India /
Statement of responsibility, etc edited by S.N. Prasad...[et al]
260 ## - PUBLICATION, DISTRIBUTION, ETC. (IMPRINT)
Place of publication, distribution, etc New Delhi
Name of publisher, distributor, etc Allied Publishers
Date of publication, distribution, etc 2008
270 ## - ADDRESS
Address 1/13-14 Asaf Ali Road,
City New Delhi
Postal code 110002
300 ## - PHYSICAL DESCRIPTION
Extent 266p.:
Other physical details ill
Dimensions 28cm (Hb)
500 ## - GENERAL NOTE
General note Includes index
700 ## - ADDED ENTRY--PERSONAL NAME
Personal name Prasad, S.N.
9 (RLIN) 13072
942 ## - ADDED ENTRY ELEMENTS (KOHA)
Source of classification or shelving scheme Dewey Decimal Classification
Item type English Books
Classification part 333.70954
Call number suffix NAT
Holdings
Withdrawn status Lost status Not for loan Collection code Home library Current library Date acquired Source of acquisition Cost, normal purchase price Full call number Barcode Copy number Cost, replacement price Koha item type
    Not For Loan Non-fiction D.B.Act.Division D.B.Act.Division 14/08/2010 DBAD/PUB 1600.00 333.70954 NAT EN-83693 1 1600.00 English Books

© Delhi Public Library
Hit Counter
free hit counter